發現謙卑的力量

資料類型: Book 圖書   書目號:34177

Leader xxxxxxxxxx
001 __ PCLIS00034177
005 __ 20211214133202.0
009 __ |a(CIP)92014947
010 0_ |a957-607-967-5|b平裝|dNT$240
050 __ |a101493939
100 __ |a20030822d2003    m  y0chib09      e
101 0_ |achi
102 __ |atw
105 __ |aa   z   000cy
200 1_ |a發現謙卑的力量|f吳若權著
205 __ |a初版
210 __ |a臺北市|c圓神|d2003[民92]
215 0_ |a231面|c部分彩圖|d21公分|e1 CD
225 1_ |a吳若權書房|v6
300 __ |a本館最新館藏為2004年13刷
681 __ |a855|b8854
681 __ |a855|b8854|v增訂七版
700 _1 |a|b若權|4801 _0 |atw|bCIP|c20030818|gCCR
801 _1 |atw|bCIP|c20030818|gCCR
801 _2 |atw|b中圖|c20031120|gCCR
801 _1 |atw|b內湖高中|c20040408|gCCR
801 _2 |atw|b內湖高中|c20040408|gCCR
詳細館藏 1-2 筆 (共 2 筆)
索 書 號登 錄 號冊次號館別 / 館藏地流通類型狀態加入預約清單電子資源
855 / 8854 1014416  圖書館 / 一樓普通區 可外借30天 在館   
855 / 8854 1014741  圖書館 / 一樓普通區 可外借30天 在館   

| 條列資料




目錄查詢 分類查詢 個人資料 圖書薦購 新書查詢 閉館日 排行榜 更多電子資源 Hami書城 線上資料庫 登出

From : 216.73.216.116

  本日流通累計至 16:52:20 借閱 : 9 次 續借 : 0 次 歸還 : 10 次 預約 : 0 次 電子資源 : 0 次


內湖高中圖書館  PCLIS 版本  25.5.0.2